Electricidad aplicada a la radio-electrónica / (Record no. 127593)

MARC details
000 -LEADER
campo de control de longitud fija 00666nam a2200205 4500
001 - NÚMERO DE CONTROL
campo de control 127593
003 - IDENTIFICADOR DE NÚMERO DE CONTROL
campo de control ES-MaACL
005 - FECHA Y HORA DE LA ÚLTIMA TRANSACCIÓN
campo de control 20250831124830.0
007 - CAMPO FIJO DE DESCRIPCIÓN FÍSICA--INFORMACIÓN GENERAL
campo de control de longitud fija t|
008 - DATOS DE LONGITUD FIJA--INFORMACIÓN GENERAL
campo de control de longitud fija 070214s1945 ag r ||||1| spa d
100 1# - ENTRADA PRINCIPAL--NOMBRE DE PERSONA
Nombre de persona Riu, Agustín.
9 (RLIN) 97498
245 10 - MENCIÓN DEL TÍTULO
Título Electricidad aplicada a la radio-electrónica /
Mención de responsabilidad, etc. por Agustín Riu.
250 ## - MENCION DE EDICION
Mención de edición 1ª ed.
260 ## - PUBLICACIÓN, DISTRIBUCIÓN, ETC.
Lugar de publicación, distribución, etc. Buenos Aires :
Nombre del editor, distribuidor, etc. [s. n.],
Fecha de publicación, distribución, etc. 1945 (
Fabricante Tall. Gráf. Fanetti y Gasperini)
300 ## - DESCRIPCIÓN FÍSICA
Extensión 462 p. :
Otras características físicas il. ;
Dimensiones 20 cm.
490 1# - MENCIÓN DE SERIE
Mención de serie Curso básico de Radio-electricidad ;
Designación de volumen o secuencia 1
830 00 - PUNTO DE ACCESO ADICIONAL DE SERIE-TÍTULO UNIFORME
Título uniforme Curso básico de radio-electricidad
Designación de volumen o secuencia 1
9 (RLIN) 219209
852 ## - LOCALIZACIÓN
Ubicación ES-MaACL
Número de control de estantería C-4418
Sublocalización o colección R.24244
Holdings
Estatus retirado Estado de pérdida Estado de daño No para préstamo Biblioteca de origen Biblioteca actual Ubicación en estantería Fecha de adquisición Fuente de adquisición Total de préstamos Signatura topográfica completa Código de barras Visto por última vez Precio de reemplazo Tipo de ítem Koha
        Biblioteca del Ateneo de Madrid Biblioteca del Ateneo de Madrid Sala Palomar 17/01/2008     C-4418 1132893 23/02/2023 23/02/2023 Libro impreso